|
|
|
|
| LEADER |
00845Cam#a2200241#a#4500 |
| 001 |
023196 |
| 005 |
20160721160456.0 |
| 008 |
110912s1972||||ag a f## #000|0#spa#d |
| 040 |
|
|
|a AR-BeUNQ
|
| 082 |
0 |
4 |
|a 623.826
|2 21
|
| 100 |
1 |
|
|a Arguindeguy, Pablo E.
|
| 245 |
0 |
2 |
|a Apuntes sobre los buques de la armada argentina :
|b (1810-1970).
|c por el capitan de navío contador Pablo E. Arguindeguy.
|n Tomo 1 /
|
| 260 |
|
|
|a Buenos Aires :
|b Comando en Jefe de la Armada,
|c 1972.
|
| 300 |
|
|
|a 495 p. :
|b il. ;
|c 27 cm.
|
| 650 |
|
7 |
|a Buques
|2 spines
|
| 650 |
|
7 |
|a Historia
|2 spines
|
| 650 |
|
7 |
|a Fuerzas amadas
|2 spines
|
| 650 |
|
7 |
|a Buques mercantes
|2 spines
|
| 650 |
|
7 |
|a Marina mercante
|2 toit
|
| 651 |
|
7 |
|a Argentina
|2 spines
|
| 929 |
|
|
|a DONACION
|b Sara Folchi
|d 0,00
|e 20100301
|f PAT0033592
|g 1495 Exp. 827-0387/98
|j 46939
|
| 942 |
|
|
|c LIB
|n 0
|
| 999 |
|
|
|c 22002
|d 97389
|